Μελέτη των θετικά ορισμένων πινάκων και εφαρμογές αυτών στην ρευστομηχανική : πτυχιακή εργασία

Μαθαίνουμε για τους θετικά ορισμένους πίνακες(ορισμός, ιδιότιτες). Βλέπουμε πως συνδέονται οι θετικά ορισμένοι πίνακες στην ρευστομηχανική και λύνουμε κάποια προβλήματα ρευστομηχανικής....

Πλήρης περιγραφή

Αποθηκεύτηκε σε:
Λεπτομέρειες βιβλιογραφικής εγγραφής
Κύριος συγγραφέας: Αποστολάς, Σάββας
Συγγραφή απο Οργανισμό/Αρχή: Πανεπιστήμιο Αιγαίου. Σχολή Θετικών Επιστημών. Τμήμα Μαθηματικών
Μορφή: Thesis Βιβλίο
Γλώσσα:Greek
Δημοσίευση: 2012.
Θέματα:
Διαθέσιμο Online:http://hdl.handle.net/11610/8003
Ετικέτες: Προσθήκη ετικέτας
Δεν υπάρχουν, Καταχωρήστε ετικέτα πρώτοι!

MARC

LEADER 00000cam a2200000 i 4500
001 1/22714
008 120830s2012 gr | ||| |||| ||gre||
035 |l 10113108 
040 |a GR-MyUA  |b gre  |e AACR2 
041 0 |a gre 
082 0 |a 512.9434   |2 (22) 
100 1 |a Αποστολάς, Σάββας. 
245 1 0 |a Μελέτη των θετικά ορισμένων πινάκων και εφαρμογές αυτών στην ρευστομηχανική :   |b πτυχιακή εργασία /   |c Σάββας Αποστολάς ; επιβλέπων καθηγητής Κώστας Χουσιάδας.  
260 |c 2012.  
300 |a 83 σ. ;   |c 30 εκ.  
500 |a Μέλη της εξεταστικής επιτροπής: Κώστας Χουσιάδας, Νίκος Καραχάλιος, Αγαπητός Χατζηνικήτας.  
502 |a Πτυχιακή εργασία – Πανεπιστήμιο Αιγαίου, Σάμος, 2012. 
504 |a Βιβλιογραφία: σ. 83.  
506 0 |a Διάθεση πλήρους κειμένου - Ελεύθερη πρόσβαση.  
520 |a Μαθαίνουμε για τους θετικά ορισμένους πίνακες(ορισμός, ιδιότιτες). Βλέπουμε πως συνδέονται οι θετικά ορισμένοι πίνακες στην ρευστομηχανική και λύνουμε κάποια προβλήματα ρευστομηχανικής.  
540 |a Κλειδωμένη η δυνατότητα αντιγραφής (copy) του κειμένου.  
610 2 0 |a University of the Aegean  |x Dissertations. 
650 0 0 |a Matrices. 
650 0 0 |a Fluid mechanics. 
650 0 0 |a Dissertations, Academic  |z Greece. 
700 1 |a Χουσιάδας, Κωνσταντίνος,  |e dgs 
710 2 |a Πανεπιστήμιο Αιγαίου.   |b Σχολή Θετικών Επιστημών.   |b Τμήμα Μαθηματικών. 
852 |a INST  |b SAMOS  |c DIATR  |e 20120830  |h 512.9434 ΑΠΟ  |p 005300033985  |q 005300033985  |t DIE  |y 23 
852 |a INST  |b SAMOS  |c DIATR  |e 20120830  |h 512.9434 ΑΠΟ  |p 005300033986  |q 005300033986  |t DIE  |y 23 
856 |u http://hdl.handle.net/11610/8003 
901 |a BIBL3-2012-2 
909 |a Σ  |b 172091 
909 |a Σ  |b 172092 
924 |a ΑΠΟΣΤΟΛΑΣ  |b ΣΑΒΒΑΣ  |y Σάμος  |z 2012-01 
970 |a ΚΟΣΙΕΡΗΣ  |b ΧΡΗΣΤΟΣ  |z 2012/08/30